Europejskie stolice według kodu lotniska - Statystyki

Ogólne statystyki
  • Ten quiz został rozwiązany 3 120 razy
  • Średni wynik to 25 z 41
Statystyki odpowiedzi
Kod Stolica % Poprawnych
DUB Dublin
93%
HEL Helsinki
92%
BER Berlin
91%
WAW Warszawa
91%
AMS Amsterdam
90%
ZAG Zagrzeb
90%
BRU Bruksela
89%
BUD Budapeszt
89%
ATH Ateny
88%
OSL Oslo
88%
LUX Luksemburg
82%
VIE Wiedeń
82%
SOF Sofia
81%
MAD Madryt
80%
PRG Praga
80%
BRN Berno
77%
SKP Skopje
75%
LIS Lizbona
73%
VNO Wilno
71%
CPH Kopenhaga
70%
TLL Tallinn
70%
LJU Lublana
66%
BEG Belgrad
64%
BTS Bratysława
58%
TIA Tirana
56%
RIX Ryga
54%
LHR Londyn
46%
PRN Prisztina
42%
MSQ Mińsk
39%
CDG Paryż
38%
KIV Kiszyniów
37%
SJJ Sarajewo
37%
FCO Rzym
36%
KBP Kijów
33%
MLA Valletta
27%
KEF Reykjavik
26%
ARN Sztokholm
26%
ALV Andora
23%
OTP Bukareszt
21%
SVO Moskwa
19%
TGD Podgorica
17%
Nie znaleziono quizów pasujących do podanych kryteriów
Rozkład punktacji
Procent ludzi z każdym wynikiem
Percentyl według liczby udzielonych odpowiedzi
Twoja historia wyników
Nie rozwiązałeś tego quizu